| 000 | 00573nam a2200193 a 4500 | ||
|---|---|---|---|
| 005 | 20140310183453.0 | ||
| 008 | 090807s19uu xx 00 eng d | ||
| 020 | _a9789712719035 | ||
| 050 |
_aPN 1993.5.P6 _b.D465 2007 |
||
| 100 | _aDeocampo, Nick. | ||
| 245 |
_aCine : _bspanish influences on early cinema in the Philippines / |
||
| 260 |
_aManila : _bAnvil Publishing, _c2007. |
||
| 300 |
_a394 p. : _bill. ; _c25 cm. |
||
| 521 | _aMC | ||
| 650 |
_aCinema _xPhilippines. |
||
| 650 |
_aMotion pictures _xNotes and reviews. |
||
| 942 |
_cBK _2lcc _kLOC |
||
| 999 |
_c23512 _d23512 |
||